Sazebník daně z obratu vydaný podle paragr. 6, 18 a 19 odst.1 zákona č.73/1952 Sb., o dani z obratu platná od 1. ledna 1979
Salvato in:
| Natura: | Libro |
|---|---|
| Lingua: | ceco |
| Pubblicazione: |
Praha
Federální ministerstvo financí
1978
|
| Tags: |
Nessun Tag, puoi essere il primo ad aggiungerne!!
|
MARC
| LEADER | 00000nam a2200000 4500 | ||
|---|---|---|---|
| 001 | c119980 | ||
| 005 | 20041019155215.6 | ||
| 041 | 0 | |a cze | |
| 044 | |a CZ | ||
| 245 | 1 | 0 | |a Sazebník daně z obratu vydaný podle paragr. 6, 18 a 19 odst.1 zákona č.73/1952 Sb., o dani z obratu platná od 1. ledna 1979 |
| 264 | 1 | |a Praha |b Federální ministerstvo financí |c 1978 | |
| 300 | |a 176 s. | ||